La tabla de interpolación de Ridberg y el cálculo de las series espectrales / (Registro nro. 185614)

Detalles MARC
000 -LEADER
campo de control de longitud fija 00901nam a2200205 i 4500
001 - NÚMERO DE CONTROL
campo de control 185614
003 - IDENTIFICADOR DE NÚMERO DE CONTROL
campo de control ES-MaACL
005 - FECHA Y HORA DE LA ÚLTIMA TRANSACCIÓN
campo de control 20250825050720.0
008 - DATOS DE LONGITUD FIJA--INFORMACIÓN GENERAL
campo de control de longitud fija 160728s1920 sp |||| | spa d
100 1# - ENTRADA PRINCIPAL--NOMBRE DE PERSONA
Nombre de persona Campo, A. del.
9 (RLIN) 160227
245 13 - MENCIÓN DEL TÍTULO
Título La tabla de interpolación de Ridberg y el cálculo de las series espectrales /
Mención de responsabilidad, etc. por A. del Campo y M. Catalán.
260 ## - PUBLICACIÓN, DISTRIBUCIÓN, ETC.
Lugar de publicación, distribución, etc. Madrid :
Nombre del editor, distribuidor, etc. Junta para Ampliación de Estudios e Investigaciones Científicas. Instituto Nacional de Ciencias,
Fecha de publicación, distribución, etc. 1920.
300 ## - DESCRIPCIÓN FÍSICA
Extensión 13 p. ;
Dimensiones 22 cm.
490 1# - MENCIÓN DE SERIE
Mención de serie Trabajos del Laboratorio de Investigaciones Físicas. Memorias de información ;
Designación de volumen o secuencia 5
700 1# - ENTRADA AGREGADA--NOMBRE PERSONAL
Nombre de persona Catalán, Miguel A.,
Fechas asociadas al nombre 1894-1957
9 (RLIN) 37026
710 2# - ENTRADA AGREGADA--NOMBRE DE ENTIDAD CORPORATIVA
Nombre de entidad corporativa o nombre de jurisdicción como elemento de entrada Instituto Nacional de Ciencias Físico-Naturales.
9 (RLIN) 5145
830 10 - PUNTO DE ACCESO ADICIONAL DE SERIE-TÍTULO UNIFORME
Título uniforme Trabajos del Laboratorio de Investigaciones Físicas
Designación de volumen o secuencia 5
9 (RLIN) 192351
852 4# - LOCALIZACIÓN
Ubicación ES-MaACL
Número de control de estantería B-13198(5)
Existencias
Estatus retirado Estado de pérdida Estado de daño No para préstamo Biblioteca de origen Biblioteca actual Ubicación en estantería Fecha de adquisición Fuente de adquisición Total de préstamos Signatura topográfica completa Código de barras Visto por última vez Precio de reemplazo Tipo de ítem Koha
        Biblioteca del Ateneo de Madrid Biblioteca del Ateneo de Madrid Sala Pardo Bazán 28/07/2016     B-13198(5) 1195661 23/02/2023 23/02/2023 Libro impreso